Ιστορία ... και μια ιστορία στο Βαρβάσι της Χίου

Αποθηκεύτηκε σε:
Λεπτομέρειες βιβλιογραφικής εγγραφής
Κύριος συγγραφέας: Μερμηγκούσης, Βασίλης, 1967-
Μορφή: Βιβλίο
Γλώσσα:Greek
Δημοσίευση: Χίος : Πυξίδα, 2001.
Θέματα:
Ετικέτες: Προσθήκη ετικέτας
Δεν υπάρχουν, Καταχωρήστε ετικέτα πρώτοι!

MARC

LEADER 00000cam a2200000 i 4500
001 1/24094
008 011121s2001 gr | ||| |||| ||gre||
020 |a 9608669618 
035 |l 10067796 
040 |a GR-MY-UA  |b gre  |e aacr 
041 0 |a gre 
082 7 |a 889.3017   |2 (22) 
100 1 |a Μερμηγκούσης, Βασίλης,   |d 1967- 
245 1 0 |a Ιστορία ... και μια ιστορία στο Βαρβάσι της Χίου /   |c Βασίλης Μερμηγκούσης.  
260 |a Χίος :   |b Πυξίδα,   |c 2001.  
300 |a 125 σ. ;   |c 24 εκ.  
651 0 |a Chios Island (Greece)  |x Fiction. 
852 |a INST  |b CHIOS  |e 20011121  |h 889.3017 ΜΕΡ  |p 005200020727  |q 005200020727  |t BK  |y 0 
901 |a BIBL2-2001-3 
909 |a Χ  |b 098282 
922 |a 2ΕΛΗ  |b 200111  |c ΒΙΒΛΙΟΘΗΚΗ ΧΙΟΥ  |d ΚΡΟΜΜΥΔΑΣ 
970 |a ΣΠΕΝΤΖΑ  |b ΕΛΕΝΗ  |z 2001/11/21